ARRUPE JESUIT UNIVERSITY

CORONAVIRUS -STOP THE SPREAD - CLEAN,DISINFECT,COVER
Normal view MARC view

Entry Geographic Name

Number of records used in: 1

001 - CONTROL NUMBER

  • control field: 10930

003 - CONTROL NUMBER IDENTIFIER

  • control field: ARRUPE

005 - DATE AND TIME OF LATEST TRANSACTION

  • control field: 20140612135054.0

008 - FIXED-LENGTH DATA ELEMENTS

  • fixed length control field: 140612|| aca||aabn | a|a d

040 ## - CATALOGING SOURCE

  • Original cataloging agency: ARRUPE
  • Transcribing agency: ARRUPE

151 ## - HEADING--GEOGRAPHIC NAME

  • Geographic name: Ngorongoro Crater (Tanzania)

670 ## - SOURCE DATA FOUND

  • Source citation: Work cat.: (ARRUPE)0: Baumann, Oskar, 1864-1899. 10927, Ngorongoro's first visitor :, 1963, 1969 printing.

 

Arrupe Library. PO Box MP320 Mt Pleasant, Harare, Zimbabwe
263 242 745411|librarian@aju.ac.zw